Managing capital flows lessons from the experience of Chile

Salvato in:
Dettagli Bibliografici
Autore principale: Laurens, Bernard J.
Altri autori: Cardoso, Jaime
Natura: Libro
Lingua:inglese
Pubblicazione: Washington IMF 1998
Serie:IMF working paper WP/98/168
Soggetti:
Tags: Aggiungi Tag
Nessun Tag, puoi essere il primo ad aggiungerne!!

MARC

LEADER 00000nam a2200000 4500
001 c108741
005 20221221082915.7
041 0 |a eng 
044 |a US 
245 1 0 |a Managing capital flows  |b lessons from the experience of Chile  |c Prepared by Bernard Laurens and Jaime Cardoso 
264 1 |a Washington  |b IMF  |c 1998 
300 |a 53 s. 
490 1 |a IMF working paper  |v WP/98/168 
830 0 |a IMF working paper  |v WP/98/168 
610 2 0 |a kapitál 
610 2 0 |a pohyb kapitálu 
610 2 0 |a trh kapitálový medzinárodný 
610 2 0 |a riadenie 
610 2 0 |a kontrola finančná 
610 2 0 |a politika peňažná 
610 2 0 |a makroekonomika 
610 2 0 |a kurz devízový 
610 2 0 |a miera úroková 
610 2 0 |a efektívnosť 
610 2 0 |a testy 
610 2 0 |a liberalizácia 
610 2 0 |a motivácia 
610 2 0 |a ukazovatele ekonomické 
610 2 0 |a ukazovatele štatistické 
610 2 0 |a účty bežné 
610 2 0 |a účty kapitálové 
610 2 0 |a štatistika 
610 2 0 |a regresia 
610 2 0 |a dlhy 
610 2 0 |a Čile 
100 1 |a Laurens, Bernard J. 
700 1 |a Cardoso, Jaime